Countries With An Active NBA Player - Sudden Death - Statistics

General Stats
  • This quiz has been taken 564 times
  • The average score is 7 of 20
Answers on the Grid
Answers color-coded by a green-red scale on the quiz's grid according to % correct below.
Angola
Australia
Bahamas
Belgium
Canada
China
Dominican Republic
Estonia
Finland
France
Germany
Greece
Hungary
Israel
Latvia
Lithuania
Mexico
New Zealand
Nigeria
Norway
Philippines
Poland
Russia
Serbia
Slovakia
Slovenia
South Africa
Spain
Taiwan
United Kingdom
United States
Uruguay
 
Answer Stats
Answer % Correct
15: Kyrie Irving, Dyson Daniels, etc. Australia
72%
25: Shai Gilgeous-Alexander, Jamal Murray, etc. Canada
71%
13: Victor Wembanyama, Rudy Gobert, etc. France
55%
453: LeBron James, Donovan Mitchell, etc. United States
55%
7: Franz Wagner, Isaiah Hartenstein, etc. Germany
50%
1: Giannis Antetokounmpo Greece
49%
6: Nikola Jokic, Nikola Jovic, etc. Serbia
42%
4: Buddy Hield, Eric Gordon, etc. Bahamas
39%
3: Domantas Sabonis, Matas Buzelis, etc. Lithuania
34%
4: Karl-Anthony Towns, Al Horford, etc. Dominican Republic
33%
2: Luka Doncic, Vlatko Cancar Slovenia
33%
2: Zaccharie Risacher, Santi Aldama Spain
31%
1: Kristaps Porzingis Latvia
30%
2: OG Anunoby, Tosan Evbuomwan United Kingdom
27%
1: Lauri Markkanen Finland
26%
1: Deni Avdija Israel
24%
1: Steven Adams New Zealand
23%
6: Precious Achiuwa, Adem Bona, etc. Nigeria
17%
2: Toumani Camara, Ajay Mitchell Belgium
16%
1: Bruno Fernando Angola
11%
No matching quizzes found
Score Distribution
Percent of People with Each Score
Percentile by Number Answered
Your Score History
You have not taken this quiz